| 000 | 01297cas a2200361 a 4500 | ||
|---|---|---|---|
| 005 | 20170530121806.0 | ||
| 008 | 750807c18849999dcuqr1p 0 a0eng d | ||
| 022 | 0 | _a0004-8038 | |
| 040 |
_aMUL _cMUL _dNSD _dDLC _dNSD _dAIP _dNSD _dOCL _dAIP _dDLC _dHUL _dNST _dNSD _dHUL _dNST _dCO-BoIAVH |
||
| 041 | 0 | _aeng | |
| 044 | _axxu | ||
| 090 | _aSE | ||
| 245 | 0 | 4 | _aThe Auk |
| 260 |
_aWashington, D.C. (EE.UU.) : _bAmerican Ornithologists' Union, _c1884-. |
||
| 300 |
_bilustraciones ; _c24 cm. |
||
| 310 | _aq | ||
| 510 | 1 |
_aBiological & agricultural index _x0006-3177 |
|
| 510 | 2 |
_aBibliography of agriculture _x0006-1530 |
|
| 510 | 2 |
_aBiological abstracts _x0006-3169 |
|
| 510 | 2 | _aCanadian Environment | |
| 510 | 2 |
_aChemical abstracts _x0009-2258 |
|
| 510 | 2 |
_aGeoRef _x0197-7482 |
|
| 510 | 2 | _aLife sciences collection | |
| 510 | 2 |
_aPsychological abstracts _x0033-2887 _b1952- |
|
| 510 | 2 |
_aReference sources _x0163-3546 |
|
| 510 | 0 |
_aNuclear science abstracts _x0029-5612 |
|
| 525 | _aTiene suplementos. | ||
| 650 | 2 | 6 |
_aAves _vPublicaciones periódicas |
| 650 | 2 | 6 |
_aOrnitología _vPublicaciones periódicas |
| 710 | 2 | _aAmerican Ornithologists' Union | |
| 780 | 0 | 2 |
_tBulletin of the Nuttall Ornithological Club _w(DLC)sn 88019047 _w(OCoLC)1623848 |
| 942 |
_2z _cREVISTA _s1 |
||
| 999 |
_c19508 _d19508 |
||